Largest Cities in Pennsylvania by Letter - Statistics

General Stats
  • This quiz has been taken 56 times
  • The average score is 12 of 20
Answer Stats
Letter Population City % Correct
A 121,283 Allentown
98%
P 1,584,064 Philadelphia
98%
H 49,192 Harrisburg
94%
E 97,369 Erie
87%
L 59,708 Lancaster
85%
S 77,605 Scranton
83%
B 75,707 Bethlehem
77%
R 88,423 Reading
77%
Y 43,992 York
77%
W 40,780 Wilkes-Barre
68%
J 19,447 Johnstown
60%
C 34,077 Chester
53%
U 9,824 Uniontown
45%
N 22,069 New Castle
38%
F 6,078 Franklin
30%
O 9,863 Oil City
28%
G 14,299 Greensburg
23%
T 5,239 Titusville
23%
D 8,767 Du Bois
21%
M 28,563 McCandless
2%
No matching quizzes found
Score Distribution
Percent of People with Each Score
Percentile by Number Answered
Your Score History
You have not taken this quiz